Declaración del partido comunista de Honduras
Sparad:
| Materialtyp: | Text |
|---|---|
| Ämnen: | |
| Taggar: |
Lägg till en tagg
Inga taggar, Lägg till första taggen!
|
MARC
| LEADER | 00000 a a2200000 04500 | ||
|---|---|---|---|
| 001 | 17861 | ||
| 003 | |||
| 040 | |||
| 245 | |a Declaración del partido comunista de Honduras | ||
| 650 | |a PATIDOS POLITICOS | ||
| 650 | |a POLITICA | ||
| 650 | |a SOCIALISMO | ||
| 650 | |a HONDURAS | ||
| 773 | |g volumen 3, número 29. (1979), páginas 226 | ||
| 999 | |c 35179 |d 35179 | ||
| 773 | 0 | |0 42391 |9 4000 |a Agencia Latinoamericana de Información, ALAI |d Quito, Ecuador: ALAI |o 03870 |t ALAI: |x 08275564 (Servicio mensual de información y documentación) | |
